LIBRARY & INFORMATION CENTRE, KCAET, TAVANUR

ONLINE PUBLIC ACCESS CATALOGUE (OPAC)

Mathematics for science / (Record no. 10580)

MARC details
000 -LEADER
fixed length control field 00525cam a2200205ua 4500
020 ## - INTERNATIONAL STANDARD BOOK NUMBER
ISBN 81-224-0994-6
041 ## - LANGUAGE CODE
Language code of text/sound track or separate title eng
082 ## - DEWEY DECIMAL CLASSIFICATION NUMBER
Classification number 510
Item number UPP/MA
100 ## - MAIN ENTRY--AUTHOR NAME
Personal name Uppal, S M .
245 ## - TITLE STATEMENT
Title Mathematics for science /
250 ## - EDITION STATEMENT
Edition statement 1 /
260 ## - PUBLICATION, DISTRIBUTION, ETC. (IMPRINT)
Place of publication New Delhi :
Name of publisher New Age International Ltd ,
Year of publication 1996.
300 ## - PHYSICAL DESCRIPTION
Number of Pages 420 :
Other physical details 506 ; .
500 ## - GENERAL NOTE
General note 20305 CSS
700 1# - ADDED ENTRY--PERSONAL NAME
Personal name Humphreys, H M .
942 ## - ADDED ENTRY ELEMENTS (KOHA)
Koha item type Books
Holdings
Withdrawn status Lost status Damaged status Home library Current library Date acquired Full call number Accession Number Koha item type
      KAUAET   07/04/2012 510 20305 Books
free website counter